[Event "35t. Copenhagen Open (Politiken Cup)"]
[Site "Elsinore"]
[Date "2013.08.02"]
[Round "8"]
[White "Pedersen, Carl Aage"]
[Black "Helin, Mikael"]
[Result "1-0"]
[WhiteElo "1734"]
[BlackElo "1910"]
[PlyCount "107"]
[EventDate "2013.07.27"]
[EventType "swiss"]
[EventRounds "10"]
[EventCountry "DEN"]
[Source "ChessBase"]
[SourceDate "2013.08.26"]

1. d4 g6 2. g3 Bg7 3. Bg2 d6 4. c4 Nc6 5. Nf3 Rb8 6. Nc3 Bg4 7. e3 e5 8. d5 Na5
9. Qa4+ c6 10. Nd2 Bd7 11. b4 Nxc4 12. Nxc4 cxd5 13. Nxd6+ Ke7 14. Nxd5+ Kxd6
15. b5 Ke6 16. Ba3 f5 17. Rd1 Kf7 18. O-O e4 19. Nf4 Bf6 20. Qc4+ Kg7 21. Qd5
Kh6 22. Qxd7 Qa5 23. Bd6 Rd8 24. Bc7 Rxd7 25. Bxa5 Rf7 26. Nd5 Be5 27. Rfe1 b6
28. Bb4 g5 29. h3 Kg6 30. Bf1 h5 31. Bc3 Bxc3 32. Nxc3 h4 33. Bc4 Rc7 34. Bxg8
Rxc3 35. Rd6+ Kg7 36. Be6 hxg3 37. Bxf5 gxf2+ 38. Kxf2 Rf8 39. Rg6+ Kh8 40.
Rxg5 Rc5 41. Rh5+ Kg7 42. Rg1+ Kf7 43. Rgg5 Rc2+ 44. Kg3 Re2 45. Bg6+ Kf6 46.
Bxe4 Rxe3+ 47. Kf4 Re1 48. Rf5+ Kg7 49. Rhg5+ Kh6 50. Rxf8 Rf1+ 51. Bf3 Kh7 52.
Rd5 Kh6 53. Rd7 Kg6 54. Rc8 1-0

[Event "35t. Copenhagen Open (Politiken Cup)"]
[Site "Elsinore"]
[Date "2013.08.02"]
[Round "8"]
[White "Petersen, Albert Emil Lyng"]
[Black "Narheim, Mats"]
[Result "1/2-1/2"]
[WhiteElo "1533"]
[BlackElo "1315"]
[PlyCount "42"]
[EventDate "2013.07.27"]
[EventType "swiss"]
[EventRounds "10"]
[EventCountry "DEN"]
[Source "ChessBase"]
[SourceDate "2013.08.26"]

1. e4 e5 2. Nf3 Nc6 3. Bc4 Bc5 4. c3 Nf6 5. d4 exd4 6. cxd4 Bb4+ 7. Bd2 Bxd2+
8. Nbxd2 d5 9. e5 Ne4 10. Bb5 Bd7 11. Nxe4 dxe4 12. Nd2 Nxd4 13. Bxd7+ Qxd7 14.
Nxe4 Qd5 15. f3 Qxe5 16. O-O O-O 17. Rc1 Rad8 18. Rc5 Rd5 19. Rxd5 Qxd5 20. Qa4
a6 21. Rd1 Rd8 1/2-1/2

[Event "35t. Copenhagen Open (Politiken Cup)"]
[Site "Elsinore"]
[Date "2013.08.02"]
[Round "8"]
[White "Petersen, Peter Birk"]
[Black "Klitgaard, Ebbe"]
[Result "1-0"]
[WhiteElo "2155"]
[BlackElo "1935"]
[PlyCount "95"]
[EventDate "2013.07.27"]
[EventType "swiss"]
[EventRounds "10"]
[EventCountry "DEN"]
[Source "ChessBase"]
[SourceDate "2013.08.26"]

1. e4 d5 2. exd5 Qxd5 3. Nc3 Qa5 4. d4 c6 5. Nf3 Nf6 6. Bc4 Bf5 7. Bd2 e6 8.
Qe2 Be7 9. O-O-O Nbd7 10. Ne5 Qc7 11. f3 Nxe5 12. dxe5 Nd5 13. g4 Bg6 14. f4
O-O-O 15. Rhf1 h6 16. f5 Bh7 17. Bxd5 cxd5 18. Nb5 Qb6 19. Be3 Bc5 20. Bxc5
Qxc5 21. Rd3 Kb8 22. Rc3 Qe7 23. Nd6 exf5 24. Qb5 Rxd6 25. exd6 Qxd6 26. gxf5
Rd8 27. Rb3 Qc7 28. Rg3 g6 29. Rd3 a6 30. Qb4 gxf5 31. Qf4 Qxf4+ 32. Rxf4 Kc7
33. c4 Kc6 34. Kd2 h5 35. cxd5+ Rxd5 36. Rc4+ Rc5 37. Rxc5+ Kxc5 38. Rd7 Bg6
39. Rxb7 Kc6 40. Rb4 Kc5 41. Kc3 f6 42. Rc4+ Kd5 43. Ra4 Ke5 44. Rxa6 f4 45.
Kd2 Bf7 46. Ke1 Bd5 47. Ra5 f3 48. Kf2 1-0

[Event "35t. Copenhagen Open (Politiken Cup)"]
[Site "Elsinore"]
[Date "2013.08.02"]
[Round "8"]
[White "Philipsen, William Horup"]
[Black "Satre, Mathias"]
[Result "1-0"]
[WhiteElo "1922"]
[BlackElo "1805"]
[PlyCount "39"]
[EventDate "2013.07.27"]
[EventType "swiss"]
[EventRounds "10"]
[EventCountry "DEN"]
[Source "ChessBase"]
[SourceDate "2013.08.26"]

1. e4 c5 2. d4 cxd4 3. c3 dxc3 4. Nxc3 a6 5. Bc4 e6 6. Nf3 b5 7. Bb3 Bb7 8. O-O
b4 9. Nd5 exd5 10. Ng5 Nh6 11. exd5 d6 12. Qd4 Be7 13. Qxg7 Rg8 14. Qxh6 Bxg5
15. Ba4+ Nd7 16. Re1+ Be7 17. Qxh7 Rf8 18. Bh6 Bxd5 19. Bxf8 Be6 20. Bg7 1-0

[Event "35t. Copenhagen Open (Politiken Cup)"]
[Site "Elsinore"]
[Date "2013.08.02"]
[Round "8"]
[White "Portisch, Lajos"]
[Black "Louis, Thibault"]
[Result "0-1"]
[WhiteElo "2479"]
[BlackElo "2222"]
[PlyCount "68"]
[EventDate "2013.07.27"]
[EventType "swiss"]
[EventRounds "10"]
[EventCountry "DEN"]
[Source "ChessBase"]
[SourceDate "2013.08.26"]

1. d4 e6 2. c4 Nf6 3. Nc3 Bb4 4. e3 b6 5. Bd3 Bb7 6. Nf3 O-O 7. O-O d5 8. cxd5
exd5 9. a3 Bd6 10. b4 a5 11. b5 Ne4 12. Qb3 Re8 13. Bb2 Nd7 14. Nxd5 Ng5 15.
Be2 Re6 16. Rfd1 Rh6 17. Ne5 Ne4 18. g3 Nxe5 19. dxe5 Qd7 20. Nf4 g5 21. e6
fxe6 22. Ng2 Nxf2 23. Kxf2 Rxh2 24. e4 Bxe4 25. Rg1 Bc5+ 26. Ke1 Bxg1 27. Rd1
Bf2+ 28. Kxf2 Rxg2+ 29. Ke3 Rxg3+ 30. Kxe4 Rxb3 31. Rxd7 Rxb2 32. Bc4 Rf8 33.
Bxe6+ Kh8 34. Rxc7 Re2+ 0-1

[Event "35t. Copenhagen Open (Politiken Cup)"]
[Site "Elsinore"]
[Date "2013.08.02"]
[Round "8"]
[White "Rasmussen, Arne"]
[Black "Kearsley, Raymond J"]
[Result "1/2-1/2"]
[WhiteElo "1503"]
[BlackElo "1764"]
[PlyCount "103"]
[EventDate "2013.07.27"]
[EventType "swiss"]
[EventRounds "10"]
[EventCountry "DEN"]
[Source "ChessBase"]
[SourceDate "2013.08.26"]

1. d4 Nf6 2. Nf3 g6 3. e3 Bg7 4. Nbd2 O-O 5. b3 c5 6. c3 d6 7. Bb2 Bf5 8. Be2
Nc6 9. a3 Rc8 10. O-O e5 11. dxe5 dxe5 12. Nc4 Ne4 13. Ncd2 Nxd2 14. Nxd2 e4
15. Qc1 Ne5 16. Rd1 Qc7 17. Nc4 Nd3 18. Bxd3 exd3 19. Nd2 Rcd8 20. c4 Be5 21.
Bxe5 Qxe5 22. Rb1 Bg4 23. Re1 f5 24. Qb2 Qd6 25. h3 Be2 26. b4 b6 27. Qc3 cxb4
28. axb4 Rfe8 29. c5 bxc5 30. bxc5 Qc6 31. Qc4+ Qd5 32. Rbc1 Re7 33. c6 Rc7 34.
Qxd5+ Rxd5 35. Rc3 Rd6 36. Rec1 a5 37. f3 a4 38. e4 a3 39. e5 Re6 40. f4 a2 41.
Kf2 a1=Q 42. Rxa1 Rexc6 43. Rxc6 Rxc6 44. Ra8+ Kg7 45. Ra7+ Kh6 46. Ra1 Rb6 47.
g3 Rb7 48. Ke3 Rd7 49. Ra3 Rc7 50. Ra1 Rd7 51. Ra3 Rc7 52. Ra1 1/2-1/2

[Event "35t. Copenhagen Open (Politiken Cup)"]
[Site "Elsinore"]
[Date "2013.08.02"]
[Round "8"]
[White "Rasmussen, Henning Lau"]
[Black "Emborg, Jens"]
[Result "1/2-1/2"]
[WhiteElo "1835"]
[BlackElo "1618"]
[PlyCount "51"]
[EventDate "2013.07.27"]
[EventType "swiss"]
[EventRounds "10"]
[EventCountry "DEN"]
[Source "ChessBase"]
[SourceDate "2013.08.26"]

1. d4 d5 2. Nf3 Nf6 3. c4 e6 4. Nc3 Nc6 5. e3 Be7 6. a3 O-O 7. Bd3 dxc4 8. Bxc4
Bd6 9. e4 e5 10. d5 Ne7 11. O-O Bd7 12. Bg5 Ng6 13. Be2 Qe7 14. Nh4 Nxh4 15.
Bxh4 c6 16. dxc6 Bxc6 17. Bc4 Rad8 18. Nd5 Bxd5 19. Bxd5 Rd7 20. b4 Rfd8 21.
Qb3 Qf8 22. Bxf6 gxf6 23. Qg3+ Qg7 24. Qxg7+ Kxg7 25. g4 Rc8 26. Rfc1 1/2-1/2

[Event "35t. Copenhagen Open (Politiken Cup)"]
[Site "Elsinore"]
[Date "2013.08.02"]
[Round "8"]
[White "Rasmussen, Morten(1956)"]
[Black "Riis, Jens"]
[Result "0-1"]
[WhiteElo "1921"]
[BlackElo "2174"]
[PlyCount "70"]
[EventDate "2013.07.27"]
[EventType "swiss"]
[EventRounds "10"]
[EventCountry "DEN"]
[Source "ChessBase"]
[SourceDate "2013.08.26"]

1. d4 d5 2. c4 c6 3. Nf3 Nf6 4. e3 g6 5. b3 Bg7 6. Bd3 O-O 7. O-O Nbd7 8. Bb2
c5 9. cxd5 Nxd5 10. Nc3 N7b6 11. Ne4 cxd4 12. Bxd4 f6 13. Bb2 Re8 14. Nc5 e5
15. Bb5 Rf8 16. Qd2 Qe7 17. Rac1 Rd8 18. Rfd1 Bg4 19. Be2 Nf4 20. Qe1 Nxe2+ 21.
Qxe2 e4 22. a4 Rxd1+ 23. Qxd1 Rd8 24. Bd4 exf3 25. gxf3 Bc8 26. a5 Nd5 27. Qe2
b6 28. Ne4 f5 29. Bxg7 Qxg7 30. Qc4 fxe4 31. fxe4 Be6 32. exd5 Bxd5 33. Qd3 Qd7
34. Rd1 Qg4+ 35. Kf1 Bg2+ 0-1

[Event "35t. Copenhagen Open (Politiken Cup)"]
[Site "Elsinore"]
[Date "2013.08.02"]
[Round "8"]
[White "Rendlev, Niels Moller"]
[Black "Willumsen, Henrik"]
[Result "0-1"]
[WhiteElo "1843"]
[BlackElo "2127"]
[PlyCount "101"]
[EventDate "2013.07.27"]
[EventType "swiss"]
[EventRounds "10"]
[EventCountry "DEN"]
[Source "ChessBase"]
[SourceDate "2013.08.26"]

1. g3 Nf6 2. f4 d6 3. Nf3 e5 4. fxe5 dxe5 5. Nxe5 Bd6 6. Nf3 h5 7. d3 h4 8.
Nxh4 Rxh4 9. gxh4 Ne4 10. Bg5 Nxg5 11. hxg5 Qxg5 12. Qd2 Qh4+ 13. Kd1 Nc6 14.
Nc3 Be6 15. Bg2 O-O-O 16. Bxc6 bxc6 17. Ne4 Be7 18. c4 Bxc4 19. Kc2 Bd5 20. Qe3
f5 21. Ng3 Qa4+ 22. b3 Qa3 23. Rhf1 Bf6 24. d4 g6 25. Qc1 Qa6 26. e3 c5 27. Qd2
cxd4 28. exd4 Bb7 29. Ne2 Be4+ 30. Kc1 Bxd4 31. Nxd4 Qxf1+ 32. Kb2 Qh3 33. Rc1
Qh8 34. Rc4 Rd6 35. Qb4 Qxh2+ 36. Kc3 Rxd4 37. Kxd4 Qh8+ 38. Ke3 Bb7 39. Qd6
Qh3+ 40. Kd2 Qh6+ 41. Qf4 Qxf4+ 42. Rxf4 Be4 43. Rh4 g5 44. Rh8+ Kb7 45. Ke3
Kb6 46. Rh6+ c6 47. Kd4 g4 48. Rg6 Kb5 49. a3 a6 50. Rg8 c5+ 51. Kc3 0-1

[Event "35t. Copenhagen Open (Politiken Cup)"]
[Site "Elsinore"]
[Date "2013.08.02"]
[Round "8"]
[White "Royset, Pal"]
[Black "Hinrichs, Lars"]
[Result "1-0"]
[WhiteElo "2170"]
[BlackElo "1997"]
[PlyCount "43"]
[EventDate "2013.07.27"]
[EventType "swiss"]
[EventRounds "10"]
[EventCountry "DEN"]
[Source "ChessBase"]
[SourceDate "2013.08.26"]

1. e4 e6 2. d4 d5 3. exd5 exd5 4. c4 Nf6 5. Nc3 Be7 6. Nf3 O-O 7. Be3 dxc4 8.
Bxc4 Nbd7 9. O-O Nb6 10. Bb3 Nfd5 11. Qd3 Be6 12. Ne5 a5 13. Bc2 f5 14. a3 Qe8
15. Rfe1 Rd8 16. Bd2 c5 17. Nf3 Qg6 18. Nxd5 Rxd5 19. Qe2 Kf7 20. dxc5 Rxc5 21.
Bb3 Nc4 22. Bxc4 1-0

[Event "35t. Copenhagen Open (Politiken Cup)"]
[Site "Elsinore"]
[Date "2013.08.02"]
[Round "8"]
[White "Satre, Roger"]
[Black "Jensen, Michael Agermose"]
[Result "1/2-1/2"]
[WhiteElo "1833"]
[BlackElo "2066"]
[PlyCount "81"]
[EventDate "2013.07.27"]
[EventType "swiss"]
[EventRounds "10"]
[EventCountry "DEN"]
[Source "ChessBase"]
[SourceDate "2013.08.26"]

1. e4 c5 2. Nc3 g6 3. g3 Bg7 4. Bg2 Nc6 5. d3 d6 6. f4 Nh6 7. Nf3 O-O 8. O-O f5
9. Re1 Nf7 10. Be3 Nd4 11. Nh4 e5 12. exf5 Bxf5 13. fxe5 Nxe5 14. Bxb7 Bg4 15.
Qc1 Bf3 16. Bxa8 Bxa8 17. Bxd4 cxd4 18. Ne4 Bxe4 19. Rxe4 g5 20. Rxe5 dxe5 21.
Ng2 Qf6 22. Qf1 Qb6 23. Qc1 e4 24. Qxg5 exd3 25. cxd3 Qxb2 26. Rf1 Rxf1+ 27.
Kxf1 Qb1+ 28. Ne1 Qxa2 29. Qd8+ Bf8 30. Qg5+ Bg7 31. Qd8+ Bf8 32. Qxd4 Qxh2 33.
Qg4+ Bg7 34. Qc4+ Kf8 35. Qf4+ Kg8 36. Qb8+ Bf8 37. Qb3+ Kg7 38. Qc3+ Kg8 39.
Qc4+ Kg7 40. Qc7+ Kg8 41. Qc4+ 1/2-1/2

[Event "35t. Copenhagen Open (Politiken Cup)"]
[Site "Elsinore"]
[Date "2013.08.02"]
[Round "8"]
[White "Schou Moldt, Thomas"]
[Black "Aabling Thomsen, Jakob"]
[Result "1-0"]
[WhiteElo "2202"]
[BlackElo "2370"]
[PlyCount "117"]
[EventDate "2013.07.27"]
[EventType "swiss"]
[EventRounds "10"]
[EventCountry "DEN"]
[Source "ChessBase"]
[SourceDate "2013.08.26"]

1. e4 c5 2. Nf3 Nf6 3. Nc3 Nc6 4. Bb5 d6 5. e5 Ng4 6. d4 cxd4 7. Qxd4 Ngxe5 8.
Nxe5 dxe5 9. Bxc6+ bxc6 10. Qxe5 Ba6 11. Be3 e6 12. Rd1 Qb8 13. Qd4 Qb7 14. a3
f5 15. f3 Be7 16. Rd2 O-O 17. Qd7 Bf6 18. Qxb7 Bxb7 19. Rd7 Rf7 20. Rxf7 Kxf7
21. Na4 Rd8 22. Kf2 f4 23. Bxf4 Rd4 24. Nc5 Rxf4 25. Nxb7 Bxb2 26. Nd6+ Ke7 27.
Ne4 Rf5 28. Ke2 Rb5 29. a4 Rb6 30. Kd3 Be5 31. h3 a5 32. Re1 Rb8 33. c3 Bf6 34.
Re2 Rb1 35. Nc5 Rc1 36. Ne4 Ra1 37. Nc5 Ra3 38. Rxe6+ Kf7 39. Rxc6 Bxc3 40.
Rc7+ Kg6 41. Ke4 Bb4 42. Rc6+ Kh5 43. Ne6 Kh4 44. Nxg7 Kg3 45. Rc2 Rxa4 46.
Nf5+ Kh2 47. h4 Be1+ 48. Kd3 Rb4 49. g4+ Kh3 50. Rc7 h5 51. g5 Rf4 52. Rf7 a4
53. g6 a3 54. g7 Rxf5 55. g8=Q a2 56. Ra7 Rxf3+ 57. Ke2 Rf2+ 58. Kxe1 Rb2 59.
Qe6+ 1-0

[Event "35t. Copenhagen Open (Politiken Cup)"]
[Site "Elsinore"]
[Date "2013.08.02"]
[Round "8"]
[White "Skjolas, Erling Dyrhaug"]
[Black "Rose, Dennis Lauge"]
[Result "1/2-1/2"]
[WhiteElo "1581"]
[BlackElo "1827"]
[PlyCount "127"]
[EventDate "2013.07.27"]
[EventType "swiss"]
[EventRounds "10"]
[EventCountry "DEN"]
[Source "ChessBase"]
[SourceDate "2013.08.26"]

1. e4 c5 2. Nf3 Nc6 3. d4 cxd4 4. Nxd4 e5 5. Nf3 d6 6. Bc4 Be7 7. Nc3 Nf6 8.
O-O O-O 9. Be3 Bg4 10. h3 Bh5 11. Qd2 Qd7 12. Nh4 Rad8 13. Nf5 Bg6 14. Nxe7+
Qxe7 15. f3 Kh8 16. Nd5 Nxd5 17. Bxd5 a6 18. c4 Qd7 19. g4 h5 20. Kh2 Kh7 21.
Rg1 Rh8 22. Qg2 hxg4 23. Qxg4 Nb4 24. Bg5 Qxg4 25. Rxg4 Rd7 26. Rag1 Nxd5 27.
cxd5 Rc8 28. Rc1 Rxc1 29. Bxc1 Rc7 30. Be3 f5 31. exf5 Bxf5 32. Rb4 Bb1 33. a3
b5 34. Rb3 Ba2 35. Rd3 Rc2+ 36. Kg3 Rxb2 37. Bg5 Bc4 38. Rd1 Rb3 39. Be7 e4 40.
Bxd6 Rxf3+ 41. Kh4 Rd3 42. Rxd3 exd3 43. Bb4 Bxd5 44. Kg5 g6 45. Bc3 Be4 46. h4
Bf3 47. Kf4 Bh5 48. Ke4 Be2 49. Bd2 Kg7 50. Ke5 Kf7 51. Bb4 Ke8 52. Kf6 Bh5 53.
Ke6 Kd8 54. Kd6 Bf3 55. Ba5+ Kc8 56. Bd2 Kb7 57. Ba5 b4 58. Bxb4 Kb6 59. Ke5
Kb5 60. Kd4 Be2 61. Ke3 a5 62. Bf8 Kc6 63. Kd2 Kd5 64. Be7 1/2-1/2

[Event "35t. Copenhagen Open (Politiken Cup)"]
[Site "Elsinore"]
[Date "2013.08.02"]
[Round "8"]
[White "Skjoldager, Per"]
[Black "Karlsson, Ulf"]
[Result "1-0"]
[WhiteElo "2136"]
[BlackElo "1973"]
[PlyCount "115"]
[EventDate "2013.07.27"]
[EventType "swiss"]
[EventRounds "10"]
[EventCountry "DEN"]
[Source "ChessBase"]
[SourceDate "2013.08.26"]

1. e4 b6 2. d4 Bb7 3. Nd2 e6 4. Ngf3 c5 5. c3 Na6 6. Bd3 cxd4 7. Nxd4 Nc5 8.
Bc2 e5 9. N4f3 Qc7 10. O-O Nf6 11. Re1 Be7 12. b4 Ne6 13. Bb2 O-O 14. a3 d6 15.
c4 Nf4 16. g3 Nh3+ 17. Kg2 Qd7 18. Ng1 Nxg1 19. Kxg1 Qh3 20. Qf3 Ng4 21. Qg2
Qh6 22. Nf1 f5 23. f3 Nf6 24. exf5 Rac8 25. Ne3 Nh5 26. Ng4 Qg5 27. Bc1 Qxg4
28. fxg4 Bxg2 29. Kxg2 Nf6 30. h3 Kh8 31. Bb3 b5 32. c5 dxc5 33. Rxe5 Ng8 34.
Ra2 c4 35. Bd1 Rfd8 36. Bf3 c3 37. Rc2 a6 38. g5 Rc7 39. h4 Bd6 40. Re3 Ne7 41.
f6 gxf6 42. gxf6 Ng8 43. Rexc3 Rxc3 44. Rxc3 Nxf6 45. Rc6 Be5 46. Rxa6 Rg8 47.
Ra8 Rxa8 48. Bxa8 Nh5 49. g4 Nf4+ 50. Kf3 Ne6 51. Ke4 Bc3 52. Be3 Bb2 53. Bd5
Ng7 54. h5 Bxa3 55. h6 Bxb4 56. Bd4 Bf8 57. Ba2 b4 58. Bb3 1-0

[Event "35t. Copenhagen Open (Politiken Cup)"]
[Site "Elsinore"]
[Date "2013.08.02"]
[Round "8"]
[White "Skovgaard, Tom"]
[Black "Leutwyler, Martin"]
[Result "1-0"]
[WhiteElo "1962"]
[BlackElo "2180"]
[PlyCount "49"]
[EventDate "2013.07.27"]
[EventType "swiss"]
[EventRounds "10"]
[EventCountry "DEN"]
[Source "ChessBase"]
[SourceDate "2013.08.26"]

1. e4 Nf6 2. e5 Nd5 3. d4 d6 4. c4 Nb6 5. exd6 exd6 6. Nc3 Nc6 7. Bd3 Nxd4 8.
Bxh7 Rxh7 9. Qxd4 Qe7+ 10. Nge2 Rh4 11. f4 Bg4 12. O-O O-O-O 13. a4 c5 14. Qf2
g6 15. a5 Nxc4 16. Nd5 Qxe2 17. Qxh4 Be6 18. Nc3 Qd3 19. f5 gxf5 20. Bg5 Re8
21. a6 Nxb2 22. axb7+ Kb8 23. Bf6 d5 24. Qf4+ Kxb7 25. Rxa7+ 1-0

[Event "35t. Copenhagen Open (Politiken Cup)"]
[Site "Elsinore"]
[Date "2013.08.02"]
[Round "8"]
[White "Smerdon, David"]
[Black "Brunello, Sabino"]
[Result "0-1"]
[WhiteElo "2521"]
[BlackElo "2593"]
[PlyCount "118"]
[EventDate "2013.07.27"]
[EventType "swiss"]
[EventRounds "10"]
[EventCountry "DEN"]
[Source "ChessBase"]
[SourceDate "2013.08.26"]

1. e4 e5 2. Nf3 Nc6 3. d4 exd4 4. Nxd4 Bc5 5. Nxc6 Qf6 6. Qf3 bxc6 7. Nd2 d6 8.
Nb3 Bb6 9. a4 a5 10. Bd2 Qxf3 11. gxf3 Ne7 12. Rg1 O-O 13. Be3 Bxe3 14. fxe3 c5
15. O-O-O Bd7 16. Nxc5 Bc6 17. Na6 Ra7 18. Rg5 f5 19. e5 Nc8 20. f4 Bxa4 21.
Rd5 Nb6 22. Rxa5 Bd7 23. b4 Rfa8 24. Nb8 h6 25. Rxa7 Rxa7 26. Rg1 Be6 27. Na6
dxe5 28. fxe5 Nc4 29. b5 Nxe3 30. Kd2 f4 31. Bd3 g5 32. Re1 Kf7 33. Rxe3 fxe3+
34. Kxe3 Bc8 35. Kd4 c6 36. Bc4+ Ke8 37. Kc5 cxb5 38. Bxb5+ Kf7 39. Nb4 Ra1 40.
Kd6 Rd1+ 41. Nd5 Rd2 42. Bd3 Rxh2 43. Ne7 Bg4 44. Nc6 h5 45. Nd8+ Ke8 46. e6
Rd2 47. Nf7 Bf5 48. Nxg5 Bxd3 49. cxd3 Rxd3+ 50. Ke5 h4 51. Kf4 h3 52. Nf3 Ke7
53. Kg4 Ra3 54. Kf4 Kxe6 55. Ng5+ Kd5 56. Nf3 Rd3 57. Kg4 Rc3 58. Kf4 Kc4 59.
Kg4 Kd3 0-1

[Event "35t. Copenhagen Open (Politiken Cup)"]
[Site "Elsinore"]
[Date "2013.08.02"]
[Round "8"]
[White "Soors, Stef"]
[Black "Glud, Jakob Vang"]
[Result "0-1"]
[WhiteElo "2405"]
[BlackElo "2520"]
[PlyCount "190"]
[EventDate "2013.07.27"]
[EventType "swiss"]
[EventRounds "10"]
[EventCountry "DEN"]
[Source "ChessBase"]
[SourceDate "2013.08.26"]

1. e4 e5 2. Nf3 Nc6 3. Nc3 Nf6 4. d4 Bb4 5. Nxe5 Qe7 6. Qd3 Nxe5 7. dxe5 Qxe5
8. Bd2 O-O 9. O-O-O d6 10. Re1 Re8 11. f4 Qe6 12. Qg3 Qg4 13. Qxg4 Bxg4 14. e5
dxe5 15. fxe5 Nd7 16. Re4 Bxc3 17. Bxc3 Bf5 18. Rb4 Rab8 19. g4 Be6 20. Bg2 Nb6
21. Rd1 c5 22. Rf4 Nc8 23. Bd5 Rd8 24. Bxe6 Rxd1+ 25. Kxd1 fxe6 26. Rc4 b6 27.
b4 Ne7 28. bxc5 Nd5 29. Kd2 Rd8 30. cxb6 axb6 31. a4 Rf8 32. Ke2 Nf4+ 33. Kf3
Nd5+ 34. Ke2 Nf4+ 35. Kf3 Nd5+ 36. Kg3 Ne3 37. Re4 Nxc2 38. Re2 Na3 39. Bd4 Ra8
40. Bxb6 Rxa4 41. Ra2 Rb4 42. Bc5 Rb3+ 43. Kf4 Nb5 44. Ra8+ Kf7 45. h4 h6 46.
Rf8+ Kg6 47. Rh8 Kf7 48. Rf8+ Kg6 49. Rh8 Kf7 50. h5 g5+ 51. hxg6+ Kxg6 52.
Rg8+ Kf7 53. Rf8+ Kg7 54. Re8 Rc3 55. Bf8+ Kf7 56. Rb8 Nd4 57. Bxh6 Kg6 58. g5
Kh5 59. Rb2 Nc6 60. Rh2+ Kg6 61. Rf2 Ne7 62. Ra2 Rc4+ 63. Ke3 Nf5+ 64. Kf3 Rc3+
65. Kf4 Rc4+ 66. Kf3 Nd4+ 67. Ke3 Rb4 68. Ra8 Nf5+ 69. Kf3 Nh4+ 70. Kg3 Kh5 71.
Ra6 Nf5+ 72. Kf3 Nd4+ 73. Kg3 Rc4 74. Ra1 Rc3+ 75. Kf4 Nc6 76. Rh1+ Kg6 77. Re1
Ne7 78. Kg4 Nd5 79. Ra1 Rc4+ 80. Kg3 Re4 81. Ra8 Rxe5 82. Rf8 Kh5 83. Rf3 Ne7
84. Ra3 Ng6 85. Kf3 Rb5 86. Ra1 Rb3+ 87. Ke4 Rb4+ 88. Ke3 Nh4 89. Rf1 Nf5+ 90.
Kf3 e5 91. Re1 Rf4+ 92. Ke2 e4 93. Rg1 Rf3 94. Bf8 Nd4+ 95. Kd2 Rd3+ 0-1

[Event "35t. Copenhagen Open (Politiken Cup)"]
[Site "Elsinore"]
[Date "2013.08.02"]
[Round "8"]
[White "Sorensen, Bernhard W"]
[Black "Torgersen, Markus"]
[Result "1-0"]
[WhiteElo "1591"]
[BlackElo "1737"]
[PlyCount "109"]
[EventDate "2013.07.27"]
[EventType "swiss"]
[EventRounds "10"]
[EventCountry "DEN"]
[Source "ChessBase"]
[SourceDate "2013.08.26"]

1. e4 c5 2. Nf3 Nc6 3. d4 cxd4 4. Nxd4 g6 5. Nc3 Bg7 6. Be3 d6 7. Bb5 Bd7 8.
O-O Nf6 9. Qd2 Ng4 10. Nxc6 bxc6 11. Bc4 Nxe3 12. Qxe3 O-O 13. Rad1 Rb8 14. Bb3
c5 15. f4 Bg4 16. Rd2 Bd4 17. Rxd4 cxd4 18. Qxd4 Qb6 19. Qxb6 axb6 20. f5 gxf5
21. h3 Bh5 22. exf5 Kh8 23. g4 Rg8 24. Kh2 Bxg4 25. hxg4 Rxg4 26. Bxf7 Rf8 27.
Be6 Rf6 28. Rf3 Rh6+ 29. Rh3 Rxh3+ 30. Kxh3 Rb4 31. b3 Rd4 32. Nd5 Rd2 33. Nxe7
Kg7 34. Nd5 Rxc2 35. Nxb6 Rxa2 36. Nd7 Rf2 37. Kg3 Rf1 38. f6+ Rxf6 39. Nxf6
Kxf6 40. Bg4 Ke5 41. b4 d5 42. b5 Kd6 43. Be2 d4 44. Bd3 Kc5 45. Kf4 h5 46. Kg5
Kd5 47. Kxh5 Kc5 48. Kg5 Kd5 49. Kf5 Kd6 50. Ke4 Kc5 51. Ke5 Kb6 52. Kxd4 Kb7
53. Kc5 Ka7 54. Kc6 Ka8 55. Kc7 1-0

[Event "35t. Copenhagen Open (Politiken Cup)"]
[Site "Elsinore"]
[Date "2013.08.02"]
[Round "8"]
[White "Sorensen, Dick"]
[Black "Nordstrom, Hakon N"]
[Result "0-1"]
[WhiteElo "2000"]
[BlackElo "1830"]
[PlyCount "72"]
[EventDate "2013.07.27"]
[EventType "swiss"]
[EventRounds "10"]
[EventCountry "DEN"]
[Source "ChessBase"]
[SourceDate "2013.08.26"]

1. d4 e6 2. g3 f5 3. Bg2 c6 4. Nf3 Nf6 5. O-O d5 6. c4 Bd6 7. b3 Qe7 8. Nbd2
O-O 9. Bb2 b6 10. e3 Ne4 11. a3 Nd7 12. b4 Ndf6 13. Qb3 b5 14. c5 Bc7 15. a4
Ba6 16. Rfe1 Ng4 17. Bf1 Ngxf2 18. axb5 Bxb5 19. Bxb5 cxb5 20. Ra6 Ng4 21. Nf1
h5 22. Rea1 h4 23. Nxh4 Qg5 24. Rxe6 Nxh2 25. Qxd5 Kh7 26. Rxe4 Nxf1 27. Nxf5
Bxg3 28. Rxf1 Bf2+ 29. Kh2 Rxf5 30. Qxf5+ Qxf5 31. Rf4 Qh5+ 32. Kg2 Bxe3 33.
R4f3 Qg4+ 34. Kh2 Rh8 35. Rh3+ Kg8 36. Rxh8+ Kxh8 0-1

[Event "35t. Copenhagen Open (Politiken Cup)"]
[Site "Elsinore"]
[Date "2013.08.02"]
[Round "8"]
[White "Spanton, Timothy"]
[Black "Rydstrom, Tom"]
[Result "0-1"]
[WhiteElo "2015"]
[BlackElo "2172"]
[PlyCount "58"]
[EventDate "2013.07.27"]
[EventType "swiss"]
[EventRounds "10"]
[EventCountry "DEN"]
[Source "ChessBase"]
[SourceDate "2013.08.26"]

1. e4 e5 2. Nf3 Nc6 3. Bb5 a6 4. Ba4 Nge7 5. O-O g6 6. d4 exd4 7. Nxd4 Bg7 8.
Be3 O-O 9. Nc3 d6 10. a3 Nxd4 11. Bxd4 Bxd4 12. Qxd4 c5 13. Qf6 c4 14. Rad1 b5
15. Rxd6 Qc7 16. Nxb5 axb5 17. Bxb5 Be6 18. Rfd1 Rad8 19. Qd4 Rxd6 20. Qxd6
Qxd6 21. Rxd6 Nc8 22. Rd4 Nb6 23. a4 Ra8 24. f3 Nxa4 25. Bxc4 Bxc4 26. Rxc4
Nxb2 27. Rb4 Nd1 28. Rb1 Ne3 29. Rc1 Ra2 0-1

[Event "35t. Copenhagen Open (Politiken Cup)"]
[Site "Elsinore"]
[Date "2013.08.02"]
[Round "8"]
[White "Standal, Bard"]
[Black "Jorgensen, Orla Eilegaard"]
[Result "1/2-1/2"]
[WhiteElo "1807"]
[BlackElo "1614"]
[PlyCount "52"]
[EventDate "2013.07.27"]
[EventType "swiss"]
[EventRounds "10"]
[EventCountry "DEN"]
[Source "ChessBase"]
[SourceDate "2013.08.26"]

1. Nf3 b6 2. d3 Bb7 3. Nbd2 c5 4. e4 d5 5. Qe2 dxe4 6. dxe4 e6 7. g3 Nc6 8. c3
Nf6 9. Bg2 Be7 10. O-O Qc7 11. Re1 Rd8 12. h3 O-O 13. e5 Nd7 14. Nf1 Rfe8 15.
Bf4 Nf8 16. g4 Ng6 17. Bg3 Rd7 18. h4 h6 19. h5 Nf8 20. N1h2 Nh7 21. Rad1 Red8
22. Rxd7 Rxd7 23. Rd1 Ng5 24. Rxd7 Qxd7 25. Nxg5 Bxg5 26. Nf3 Be7 1/2-1/2

[Event "35t. Copenhagen Open (Politiken Cup)"]
[Site "Elsinore"]
[Date "2013.08.02"]
[Round "8"]
[White "Strachan, Christian C"]
[Black "Hansen, Anders"]
[Result "0-1"]
[WhiteElo "1873"]
[BlackElo "1709"]
[PlyCount "130"]
[EventDate "2013.07.27"]
[EventType "swiss"]
[EventRounds "10"]
[EventCountry "DEN"]
[Source "ChessBase"]
[SourceDate "2013.08.26"]

1. e4 c5 2. c3 Nc6 3. d4 cxd4 4. cxd4 e6 5. Nf3 Qc7 6. Be2 Nf6 7. Nc3 a6 8. O-O
b5 9. e5 Ng4 10. h3 Nh6 11. Bxh6 gxh6 12. Rc1 Qb8 13. Ne4 Be7 14. a3 Bb7 15.
Bd3 Nxd4 16. Nxd4 Qxe5 17. Nf3 Qxb2 18. Bb1 Rg8 19. Re1 Qg7 20. g3 Bxa3 21. Nc5
Bc6 22. Ne5 Bxc5 23. Rxc5 Rd8 24. Nxc6 dxc6 25. Qf3 Qd4 26. Rxc6 Rg7 27. Kg2 a5
28. Rc7 Qd6 29. Rc6 Qb4 30. Rcc1 Qe7 31. Be4 b4 32. Bc6+ Kf8 33. Ba4 Rg5 34.
Qe4 Kg8 35. Bc2 Rg7 36. Rcd1 Rc8 37. Rc1 Rb8 38. Qe3 Qg5 39. Qa7 Re8 40. Ba4
Rf8 41. Bb3 Qd8 42. Rc7 Qa8+ 43. Kg1 Qxa7 44. Rxa7 Rg5 45. Ra1 Rc8 46. R7xa5
Rc3 47. Rxg5+ hxg5 48. Rb1 Rc6 49. Re1 Kg7 50. Re4 Rb6 51. Kg2 h5 52. Kf3 Kf6
53. Rc4 Rb5 54. Ke3 Rb7 55. Kd3 Rb5 56. Ba4 Rd5+ 57. Rd4 Ke5 58. Rxd5+ Kxd5 59.
Bb3+ Kc5 60. Ke4 Kd6 61. Kd4 f5 62. f4 h4 63. gxh4 g4 64. hxg4 fxg4 65. Ke3 Ke7
0-1